|
|
|
|
| LEADER |
00980nam a2200253 a 4500 |
| 001 |
c000189325 |
| 003 |
CARM |
| 005 |
20051209113802.0 |
| 008 |
811109s1965 enk 000 0 eng d |
| 019 |
1 |
|
|a 41358169
|5 LACONCORD2021
|
| 035 |
|
|
|a (OCoLC)225015333
|5 LACONCORD2021
|
| 040 |
|
|
|a VCAV
|c VCAV
|
| 082 |
0 |
4 |
|a 532.05
|
| 100 |
1 |
|
|a Mayhew, Y. R.
|q (Yon Richard)
|
| 245 |
1 |
0 |
|a Thermodynamic properties of fluids and other data [in] British thermal units /
|c arranged by Y.R. Mayhew and G.F.C. Rogers.
|
| 260 |
|
|
|a Oxford, Eng. :
|b Blackwell,
|c 1965.
|
| 300 |
|
|
|a 16 p. ;
|c 25 cm.
|
| 500 |
|
|
|a Cover title.
|
| 650 |
|
0 |
|a Fluid dynamics
|x Tables.
|
| 650 |
|
0 |
|a Thermodynamics
|x Tables.
|
| 700 |
1 |
|
|a Rogers, G. F. C.
|q (Gordon Frederick Crichton)
|
| 852 |
8 |
|
|b CARM
|h A2:AM26B0
|i B05823
|p 0272086
|f BK
|
| 999 |
f |
f |
|i 2ee7b15a-321e-56d4-94f9-332946eb9550
|s 4b9b0834-a26a-5b76-a215-4f5edac9abd2
|
| 952 |
f |
f |
|p Can circulate
|a CAVAL
|b CAVAL
|c CAVAL
|d CARM 1 Store
|e B05823
|f A2:AM26B0
|h Other scheme
|i book
|m 0272086
|